000 00379nam a2200133Ia 4500
008 240719s9999 xx 000 0 und d
041 _aeng
082 _a823 NAT
100 _aNAT
245 _a32984 Vikramaditya Veergatha The Wrath Of The Hellfires Book 4
260 _aMumbai
_bJaico Book
_c2021
300 _a536.; P. 23 Cm.
520 _aGifted By : IMT Faculty Dr. Pawan Jain
999 _c41289
_d41289